Детская энциклопедия: учебное пособие

Detalhes bibliográficos
Outros Autores: Эллиотт Дж. Джейн (переводчик), Кинг К. Колин, Кроуфорд С. Сюзен, Крейг А. Аннабел, Коржев Е. П.
Resumo:Эта красочная Детская энциклопедия содержит много полезных сведений и интересных фактов. Все основные понятия о предметах и явлениях даются в простой и доходчивой форме и расположены в тематическом порядке. В конце книги есть алфавитный указатель. Веселые иллюстрации Колина Кинга не только дадут ответы на множество вопросов, которые так любят задавать дети, но и доставят большое удовольствие читателям.
Idioma:russo
Publicado em: Москва, Росмэн-Пресс, 2004
Assuntos:
Formato: Livro
KOHA link:https://koha.lib.tpu.ru/cgi-bin/koha/opac-detail.pl?biblionumber=343775

MARC

LEADER 00000nam0a2200000 4500
001 343775
005 20231102005608.0
010 |a 5353001680 
035 |a (RuTPU)RU\TPU\book\374363 
090 |a 343775 
100 |a 20191029d2004 cd y0rusy50 ca 
101 1 |a rus  |c eng 
102 |a RU 
105 |a a fj 001zy 
200 1 |a Детская энциклопедия  |e учебное пособие  |f Дж. Эллиотт [и др.]  |g пер. Е. П. Коржев 
210 |a Москва  |c Росмэн-Пресс  |d 2004 
215 |a 128 с.  |c ил. 
320 |a Алф. указ.: с. 122-127 
330 |a Эта красочная Детская энциклопедия содержит много полезных сведений и интересных фактов. Все основные понятия о предметах и явлениях даются в простой и доходчивой форме и расположены в тематическом порядке. В конце книги есть алфавитный указатель. Веселые иллюстрации Колина Кинга не только дадут ответы на множество вопросов, которые так любят задавать дети, но и доставят большое удовольствие читателям. 
606 1 |a Познавательная литература для детей  |2 stltpush  |3 (RuTPU)RU\TPU\subj\49974  |9 68734 
610 1 |a детская литература 
610 1 |a энциклопедии 
610 1 |a учебные пособия 
610 1 |a планеты 
610 1 |a Земля 
610 1 |a природа 
610 1 |a история 
610 1 |a люди 
610 1 |a наука 
675 |a 087  |v 4 
701 1 |a Эллиотт  |b Дж.  |g Джейн 
701 1 |a Кинг  |b К.  |g Колин 
701 1 |a Кроуфорд  |b С.  |g Сюзен 
701 1 |a Крейг  |b А.  |g Аннабел 
702 1 |a Коржев  |b Е. П.  |4 730 
801 1 |a RU  |b 63413507  |c 20191029 
801 2 |a RU  |b 63413507  |c 20191119  |g RCR 
942 |c BK